Subdifferentials : theory and applications
Saved in:
| Main Author: | |
|---|---|
| Other Authors: | |
| Format: | Book |
| Language: | English |
| Published: |
Dordrecht ; Boston :
Kluwer Academic,
c1995
|
| Series: | Mathematics and its applications ;
; 323 |
| Subjects: | |
| Tags: |
Add Tag
No Tags, Be the first to tag this record!
|
MARC
| LEADER | 00000nam a2200000 i 4500 | ||
|---|---|---|---|
| 001 | 1/69238 | ||
| 008 | 990209s1995 eng d | ||
| 020 | |a 0-7923-3389-6 | ||
| 035 | |l 10047790 | ||
| 040 | |a GR-MY-UA |b gre |e aacr | ||
| 041 | 0 | |a eng | |
| 082 | 0 | |a 515.88 | |
| 100 | 1 | |a Kusraev, A. G. | |
| 245 | 1 | 0 | |a Subdifferentials : |b theory and applications / |c A. G. Kusraev, S. S. Kutateladze |
| 260 | |a Dordrecht ; Boston : |b Kluwer Academic, |c c1995 | ||
| 300 | |a ix, 398 p.; |c 25 cm. | ||
| 490 | 1 | |a Mathematics and its applications |v ; 323 | |
| 500 | |a Includes bibliography and indexes | ||
| 650 | 0 | 0 | |a Subdifferentials. |
| 650 | 0 | 0 | |a Convex functions. |
| 650 | 0 | 0 | |a Mathematical optimization. |
| 700 | 1 | |a Kutateladze, S. S. |q (Semen Samsonovich) | |
| 830 | 0 | |a Mathematics and its applications ; |v ; 323 | |
| 852 | |a INST |b SAMOS |e 19990209 |h 515.88 KUS |p 005300013514 |q 005300013514 |t BK |y 0 | ||
| 901 | |a BIBL-1999-1 | ||
| 909 | |a Σ |b 060621 | ||
| 922 | |a 3ΕΛΗ |b 199901 |c ΕΠΕΑΕΚ/ΜΑΘ |d LEADER | ||